Normal view
MARC view
- التصريف-النحو-لغة الاعراب
Entry Topical Term
001 - CONTROL NUMBER
- control field: 15847
003 - CONTROL NUMBER IDENTIFIER
- control field: JO-AjAnu
005 - DATE AND TIME OF LATEST TRANSACTION
- control field: 20230606072828.0
008 - FIXED-LENGTH DATA ELEMENTS
- fixed length control field: 230606|| aca||aabn | a|a d
040 ## - CATALOGING SOURCE
- Original cataloging agency: JO-AjAnu
- Transcribing agency: JO-AjAnu
150 ## - HEADING--TOPICAL TERM
- Topical term or geographic name entry element: التصريف-النحو-لغة الاعراب
670 ## - SOURCE DATA FOUND
- Source citation: Work cat.: (JO-AjAnu)8137: تاليف اليازجي، ناصيف؛ م.مشارك خالد كامل الطعاني, author 15846, فصل الخطاب في أصول لغة الأعراب: التصريف(ابنية الكلام وأحكامها):النحو(إعراب الكلام وأحكامة)